00951nam a2200265 i 450000100060000000300090000600500170001500700030003200800410003502000180007608000100009408000100010410000250011424501260013926000380026530000300030349000240033365000370035765000420039470000330043683000440046985200330051399900170054695201220056319455ES-MaACL20250827232741.0t|020829s2001 sp ||||1| spa d a84-8432-269-6 a930.2 a003.61 aBurke, Peter.93270010aVisto y no visto b: el uso de la imagen como documento histórico /cPeter Burke ; traducción de Teófilo de Lozoya. aBarcelona : bCrítica, c[2001] a285 p. : bil. ; c23 cm.1 aLetras de humanidad14aHistoria-xMetodología.91338114aImágenes-xInterpretación.9135971 aLozoya, Teófilo de.97447900aLetras de humanidad (Crítica)9180478 aES-MaACLjL-25890 bR.130763 c19455d19455 00104070aATENEOMbATENEOMcDEPO2d2008-01-17eSCl0oL-25890p1019905r2023-02-23 00:00:00w2023-02-23yMONOGRAFIA